| Registos Bibliográficos associados ao registo de autoridade |
|
Etiqueta de registo: 00269nam 2200145 450 001 1562512 003 http://id.bnportugal.gov.pt/bib/catbnp/1562512 100 ## $a20070209d1834 m y0pory01030103ba 101 1# $aita$apor 102 ## $aPT 105 ## $ay z 000iy 106 ## $ar 200 1# $a O novo Figaro$emelodrama jocoso 210 #9 $aLisboa$cNa Impressão a Santa Catarina,$d1834 215 ## $a167 p.$d15 cm 300 ## $aNa folha de rosto: 'Para se representar no Real Theatro de S. Carlos' 300 ## $aPersonagens: Barão Sigismundo de Wartenkoppen-Burcen, Amalia, Andrea de Cernay, Leporello,
Carlota, Demetrio 305 ## $aEd. bilingue em italiano e português 307 ## $aAss. : *//4, A-K//8 317 ## $aConservatório Nacional$5PTBN: C.N. 59, 72, 112 P. 317 ## $aTeatro de São Carlos$5PTBN: T.S.C. 1025/6/7 P. 317 ## $aIPPC,Departamento de Musicologia$5PTBN: M. 2985 P. 500 10 $a Il nuovo Figaro.$nLibreto 601 02 $aTeatro de São Carlos$j[Libretos]$2SIPOR$31264404 606 ## $aÓperas$j[Libretos]$2SIPOR$31158641 620 ## $dLisboa 675 ## $a78.089.1$vBN$zpor$3506605 675 ## $a82-293$vBN$zpor$3488282 700 #1 $aFerretti,$bJacopo,$f1784-1852$3100292 701 #1 $aRicci,$bLuigi,$f1805-1859$4230$364212 702 #1 $aScribe,$bEugène,$f1791-1861$4100$399191 702 #1 $aMarchionni,$bLuigi,$ffl. 1833 $4100$31269172 712 01 $aPortugal.$bConservatório Nacional.$bEscola de Música$4390$31172174 712 01 $aPortugal.$bTeatro Nacional de São Carlos$4390$315629 712 01 $aPortugal.$bInstituto Português do Património Cultural.$bDepartamento de Musicologia$4390$3285717 801 #0 $aPT$bBN$gRPC 856 40 $2Cópia digital disponível na Internet Archive$uhttps://archive.org/details/onovofigaromelod00ricc 966 ## $lBN$mMUSICA$sC.N. 59 P. $x6 966 ## $lBN$mMUSICA$sC.N. 72 P. $x6 966 ## $lBN$mMUSICA$sC.N. 112 P. $x6 966 ## $lBN$mMUSICA$sM. 2985 P.$x7 966 ## $lBN$mMUSICA$sT.S.C. 1025 P.$x6 966 ## $lBN$mMUSICA$sT.S.C. 1026 P.$x6 966 ## $lBN$mMUSICA$sT.S.C. 1027 P.$x6 976 ## $d20260504$rmemarques
|
|
|